[Event "Caracas FVA 80th Ann"]
[Site "Caracas"]
[Date "2015.12.20"]
[Round "8"]
[White "Simancas Maradei, Miguel Alejandro"]
[Black "Anzivino, Alberto"]
[Result "1-0"]
[WhiteElo "2002"]
[BlackElo "2106"]
[PlyCount "77"]
[EventDate "2015.12.16"]
[EventType "swiss"]
[EventRounds "8"]
[EventCountry "VEN"]
[SourceTitle "EXT 2018"]
[Source "ChessBase"]
[SourceDate "2017.10.13"]
[SourceVersion "1"]
[SourceVersionDate "2017.10.13"]
[SourceQuality "1"]

1. d4 f5 2. c4 e6 3. Nf3 Nf6 4. g3 d5 5. Nbd2 c6 6. Ne5 Nbd7 7. Ndf3 Bd6 8. Bg2 0-0 9. 0-0 Ne4 10. Bf4 Ndf6 11. c5 Bc7 12. Nd3 Bxf4 13. Nxf4 g5 14. Nd3 Qe7 15. Nfe5 Nd7 16. Qc1 Qg7 17. b4 g4 18. Nxd7 Bxd7 19. Bxe4 fxe4 20. Ne5 Be8 21. Rb1 a6 22. Rb3 Rf5 23. f3 exf3 24. exf3 gxf3 25. Rbxf3 Rxf3 26. Rxf3 Rc8 27. Qf4 Bh5 28. Qf6 Re8 29. Rf4 Bg6 30. g4 Qxf6 31. Rxf6 Kg7 32. Rf4 Re7 33. h4 Be4 34. Kh2 Bg6 35. Kg3 Be4 36. h5 b6 37. cxb6 Rb7 38. a3 a5 39. bxa5 1-0

[Event "Caracas FVA 80th Ann"]
[Site "Caracas"]
[Date "2015.12.17"]
[Round "4"]
[White "Anzivino, Alberto"]
[Black "Gordillo Arango, Jesus David"]
[Result "1-0"]
[WhiteElo "2106"]
[BlackElo "1810"]
[PlyCount "111"]
[EventDate "2015.12.16"]
[EventType "swiss"]
[EventRounds "8"]
[EventCountry "VEN"]
[SourceTitle "EXT 2018"]
[Source "ChessBase"]
[SourceDate "2017.10.13"]
[SourceVersion "1"]
[SourceVersionDate "2017.10.13"]
[SourceQuality "1"]

1. d4 d5 2. Nc3 Nf6 3. Bg5 c6 4. Qd3 e6 5. f3 Be7 6. e4 Nfd7 7. Bf4 Bg5 8. Qd2 Bxf4 9. Qxf4 0-0 10. 0-0-0 b5 11. exd5 exd5 12. Bd3 b4 13. Nce2 Ba6 14. h4 Bxd3 15. Rxd3 a5 16. Nh3 a4 17. Ng3 c5 18. Nf5 c4 19. Re3 Ra6 20. Ne7+ Kh8 21. Nxd5 b3 22. a3 Nf6 23. Nxf6 Rxf6 24. Qe5 Re6 25. Qf4 Rxe3 26. Qxe3 bxc2 27. Kxc2 Nc6 28. Rd1 Re8 29. Qd2 Qb6 30. Kb1 Rb8 31. Ng5 Kg8 32. Qc3 Ne7 33. d5 Nf5 34. Ne4 h6 35. d6 Nxh4 36. d7 Nf5 37. Qb4 Qxb4 38. axb4 Rd8 39. b5 Kf8 40. b6 Ke7 41. b7 g6 42. Ka2 Ng7 43. Ka3 Ne6 44. Kxa4 Rb8 45. Nd6 Kxd7 46. Kb5 Kc7 47. Ka6 Nc5+ 48. Ka7 Rxb7+ 49. Nxb7 Nxb7 50. Rc1 Nd6 51. b4 f5 52. Ka6 g5 53. b5 h5 54. b6+ Kc6 55. b7 Kd5 56. b8Q 1-0

[Event "Caracas Hernandez Cup"]
[Site "Caracas"]
[Date "2014.10.10"]
[Round "4"]
[White "Acosta Villarroel, Lorner Justus"]
[Black "Anzivino, Alberto"]
[Result "1-0"]
[WhiteElo "2198"]
[BlackElo "2066"]
[PlyCount "103"]
[EventDate "2014.10.08"]
[EventType "swiss"]
[EventRounds "9"]
[EventCountry "VEN"]
[SourceTitle "EXT 2016"]
[Source "ChessBase"]
[SourceDate "2015.10.08"]
[SourceVersion "1"]
[SourceVersionDate "2015.10.08"]
[SourceQuality "1"]

1. d4 Nf6 2. c4 c5 3. dxc5 e5 4. a3 a5 5. g3 Bxc5 6. Bg2 0-0 7. Nc3 h6 8. Nf3 Nc6 9. 0-0 Re8 10. Nd2 d6 11. Nde4 Nxe4 12. Nxe4 Be6 13. Nxc5 dxc5 14. Bxc6 bxc6 15. Qxd8 Rexd8 16. Be3 Bxc4 17. Rfc1 Bxe2 18. Rxc5 Bf3 19. Rxe5 Rab8 20. Rxa5 Rxb2 21. Rc5 Ra8 22. a4 Kf8 23. a5 Ra6 24. h3 Rb5 25. Kf1 Ke8 26. Ke1 Kd7 27. Kd2 Kc7 28. Kc3 Bd5 29. Rxb5 cxb5 30. Kb4 Kc6 31. Bd4 g6 32. Re1 Be6 33. h4 Ra8 34. Re5 Bd5 35. Re7 h5 36. Be5 Rc8 37. a6 Kb6 38. Bd4+ Kc6 39. Rb7 Kd6 40. Be3 Rc2 41. Bf4+ Ke6 42. Rb6+ Kf5 43. Rxb5 Ke4 44. Be3 Rc8 45. a7 Ra8 46. Rxd5 Kxd5 47. Kb5 Ke4 48. Kb6 f6 49. Kb7 Rxa7+ 50. Kxa7 Kf5 51. Bd4 g5 52. Kb6 1-0